[Event "Udaipur Pandiyar op 8th"]
[Site "Udaipur"]
[Date "2023.10.15"]
[Round "1"]
[White "Sai, Charan Kondisetty"]
[Black "Kartik, Kumar Singh"]
[Result "0-1"]
[WhiteElo "1228"]
[BlackElo "1958"]
[PlyCount "58"]
[EventDate "2023.10.15"]
[EventType "swiss"]
[EventRounds "9"]
[EventCountry "IND"]
[SourceTitle "Mega2024 Update 01"]
[Source "Chessbase"]
[SourceDate "2023.11.12"]
[SourceVersion "1"]
[SourceVersionDate "2023.11.12"]
[SourceQuality "1"]

1. d4 Nf6 2. Bf4 c5 3. c3 Qb6 4. Qc2 Nc6 5. e3 d5 6. Nd2 g6 7. Ngf3 Bg7 8. h3 0-0 9. Be2 Nd7 10. dxc5 Nxc5 11. Nb3 Bf5 12. Qd1 e5 13. Bh2 Rad8 14. Nxc5 Qxc5 15. 0-0 Rfe8 16. Qb3 Qe7 17. Rfe1 Be6 18. Qa4 a6 19. Rad1 Ra8 20. e4 dxe4 21. Qxe4 Bxa2 22. c4 Bb3 23. Rd5 Nb4 24. Rd2 Bh6 25. c5 a5 26. Bb5 Bxd2 27. Nxd2 Bd5 28. Qb1 Nc6 29. f4 Qxc5+ 0-1